Мезозой Центрального района Кузбасса; Третья геологическая конференция памяти академика М. А. Усова

التفاصيل البيبلوغرافية
Parent link:Третья геологическая конференция памяти академика М. А. Усова.— 1948.— С. 30-31
المؤلف الرئيسي: Лебедев И. В. Иван Викторович
اللغة:الروسية
منشور في: 1948
الموضوعات:
التنسيق: MixedMaterials فصل الكتاب
KOHA link:https://koha.lib.tpu.ru/cgi-bin/koha/opac-detail.pl?biblionumber=176288

MARC

LEADER 00000naa2a2200000 4500
001 176288
005 20231031165247.0
035 |a (RuTPU)RU\TPU\book\191120 
035 |a RU\TPU\tpu\2457 
090 |a 176288 
100 |a 20100225d1948 k y0rusy50 ca 
101 0 |a rus 
102 |a RU 
200 1 |a Мезозой Центрального района Кузбасса  |f И. В. Лебедев 
463 0 |0 (RuTPU)RU\TPU\book\169853  |t Третья геологическая конференция памяти академика М. А. Усова  |o тезисы докладов  |f Томский политехнический институт (ТПИ)  |v С. 30-31  |d 1948  |p 80 с. 
610 1 |a геолого-географические науки 
610 1 |a труды учёных ТПУ 
700 1 |a Лебедев  |b И. В.  |c российский ученый, геолог  |c профессор кафедры горючих ископаемых Томского политехнического университета  |f 1909-2002  |g Иван Викторович  |2 stltpush  |3 (RuTPU)RU\TPU\pers\19831 
801 0 |a RU  |b 63413507  |c 20011210  |g PSBO 
801 2 |a RU  |b 63413507  |c 20100225  |g PSBO 
942 |c BK